|
|
|
|
| LEADER |
00000nam0a2200000 4500 |
| 001 |
332383 |
| 005 |
20231102004442.0 |
| 035 |
|
|
|a (RuTPU)RU\TPU\book\358316
|
| 090 |
|
|
|a 332383
|
| 100 |
|
|
|a 20170522d1964 m y0rusy50 ca
|
| 101 |
0 |
|
|a rus
|
| 102 |
|
|
|a RU
|
| 105 |
|
|
|a a j 000zy
|
| 200 |
1 |
|
|a Курс математического анализа
|e пособие
|h Ч. 1
|f Н. А. Фролов
|
| 205 |
|
|
|a 2-е изд., перераб.
|
| 210 |
|
|
|a Москва
|c Просвещение
|d 1964
|
| 215 |
|
|
|a 384 с.
|c ил.
|
| 606 |
1 |
|
|a Математический анализ
|2 stltpush
|3 (RuTPU)RU\TPU\subj\41236
|9 61042
|
| 610 |
1 |
|
|a действительные числа
|
| 610 |
1 |
|
|a множество
|
| 610 |
1 |
|
|a числовые последовательности
|
| 610 |
1 |
|
|a функции
|
| 610 |
1 |
|
|a дифференциальное исчисление
|
| 610 |
1 |
|
|a интегральное исчисление
|
| 610 |
1 |
|
|a учебные пособия
|
| 675 |
|
|
|a 517(075.8)
|v 4
|
| 700 |
|
1 |
|a Фролов
|b Н. А.
|
| 801 |
|
1 |
|a RU
|b 63413507
|c 20170522
|
| 801 |
|
2 |
|a RU
|b 63413507
|c 20181122
|g RCR
|
| 942 |
|
|
|c BK
|